Poesía náhuatl : cantares mexicanos : manuscrito de la Biblioteca Nacional de México, segunda parte /

Gespeichert in:
Bibliographische Detailangaben
1. Verfasser: Garibay K., Angel María (compilación)
Format: Buch
Sprache:Spanisch
Veröffentlicht: México : UNAM, Dirección General de Publicaciones, 1968, c1968
Tags: Tag hinzufügen
Keine Tags, Fügen Sie das erste Tag hinzu!

MARC

LEADER 00000nam^a2200000^a^4500
001 000443715
005 20250521000000.0
009 20260310123458.615
037 |a Acervo Xavier Clavigero 
041 |a ESP 
091 |a FCA. 00174 
100 |a Garibay K., Angel María  |e (compilación) 
245 1 0 |a Poesía náhuatl :  |b cantares mexicanos : manuscrito de la Biblioteca Nacional de México, segunda parte / 
264 4 |a México :  |b UNAM, Dirección General de Publicaciones,  |c 1968, c1968 
300 |a LIII, 74, 74, p. 
336 |a texto  |b txt  |2 rdacontenido 
337 |a sin mediación  |b n  |2 rdamedio 
338 |a volumen  |b nc  |2 rdasoporte 
649 |a XX 
910 |a Fondo Xavier Cacho Vázquez S.J. 
920 |a Impresos - Libros 
930 |a Fondos Especiales 
940 |a Literatura 
905 |a 131 
901 |a 0500331029  |b IT2  |c ESP  |i D6656  |u 20250521 
902 |a https://opac.biblio.iteso.mx/vufind/Record/000443715